000 00905nam a22002657a 4500
003 UA-OsUOA
001 43992
007 ta
008 20070201b un ||||| |||| 00| 0 ukr d
100 _aПройдаков Е.М.
700 _aТеплицький Л.А.
090 _a004(038)=111
_bП80
942 _cBK
040 _aUA-OsUOA
_bukr
_cUA-OsUOA
_dUA-OsUOA
245 _aАнгло-український тлумацький словник з обчислювальної техніки, інтернету і програмування
300 _a823 с.
955 _a2
041 _aukr
080 _a004(038)=111
020 _a966-530-027-Х
260 _aК.
_bСофтПрес
_c2006
250 _nВидання друге, доповнене і доопрацьоване
650 7 _a00 Загальні питання науки і культури
_2UDC
999 _c330108
_d330108